[Event "Blackpool op 43rd"]
[Site "Blackpool"]
[Date "2019.03.09"]
[Round "3"]
[White "White, Stuart A"]
[Black "Quillan, Gary"]
[Result "0-1"]
[WhiteElo "2108"]
[BlackElo "2353"]
[PlyCount "108"]
[EventDate "2019.03.08"]
[EventType "swiss"]
[EventRounds "5"]
[EventCountry "ENG"]
[SourceTitle "CBM 189 Extra"]
[Source "ChessBase"]
[SourceDate "2019.06.03"]
[SourceVersion "1"]
[SourceVersionDate "2019.06.03"]
[SourceQuality "1"]

1. d4 e6 2. c4 Nf6 3. Nc3 c5 4. d5 exd5 5. cxd5 d6 6. Nf3 g6 7. Bf4 a6 8. a4 Bg7 9. h3 0-0 10. e3 Re8 11. Be2 Ne4 12. Nxe4 Rxe4 13. Nd2 Rxf4 14. exf4 Bxb2 15. Ra2 Bg7 16. Bg4 Bxg4 17. hxg4 Nd7 18. 0-0 Nf6 19. Qf3 b5 20. g5 Ne8 21. f5 Be5 22. Qe4 b4 23. f6 Rb8 24. Qc4 Qc8 25. Nb3 Qf5 26. f4 Bc3 27. Re2 Nc7 28. Rd1 h6 29. Na5 Qg4 30. Nc6 Re8 31. Rxe8+ Nxe8 32. Rf1 hxg5 33. Qxa6 Nxf6 34. fxg5 Qxg5 35. Qd3 Nxd5 36. a5 Ne3 37. Rf2 Ng4 38. Rc2 Qh4 39. g3 Qg5 40. a6 c4 41. Qf3 Ne5 42. Nxe5 Qxe5 43. Kg2 Qd4 44. Rf2 Qa7 45. Qb7 Bd4 46. Rxf7 Qxb7+ 47. Rxb7 b3 48. Kf3 c3 49. Rxb3 c2 50. Rb8+ Kg7 51. Rc8 Bc5 52. a7 c1Q 53. a8Q Qf1+ 54. Kg4 Qf5+ 0-1

[Event "Gibraltar Masters 17th"]
[Site "Caleta"]
[Date "2019.01.30"]
[Round "9"]
[White "Quillan, Gary"]
[Black "Movileanu, Daniela"]
[Result "1-0"]
[WhiteElo "2364"]
[BlackElo "2174"]
[PlyCount "35"]
[EventDate "2019.01.22"]
[EventType "swiss"]
[EventRounds "10"]
[EventCountry "GGB"]
[SourceTitle "CBM 188 Extra"]
[Source "ChessBase"]
[SourceDate "2019.02.26"]
[SourceVersion "1"]
[SourceVersionDate "2019.02.26"]
[SourceQuality "1"]

1. e4 c5 2. Nc3 e6 3. f4 Ne7 4. Nf3 Nec6 5. Bc4 Be7 6. 0-0 0-0 7. d3 Nd4 8. e5 d5 9. exd6 Qxd6 10. Ne4 Qc7 11. Nxd4 cxd4 12. Qh5 Nc6 13. Bd2 Bb4 14. Bxb4 Nxb4 15. Nf6+ gxf6 16. Rf3 e5 17. Rg3+ Kh8 18. Qh6 1-0

[Event "Gibraltar Masters 17th"]
[Site "Caleta"]
[Date "2019.01.28"]
[Round "7"]
[White "Quillan, Gary"]
[Black "Gavrilescu, David"]
[Result "0-1"]
[WhiteElo "2364"]
[BlackElo "2479"]
[PlyCount "56"]
[EventDate "2019.01.22"]
[EventType "swiss"]
[EventRounds "10"]
[EventCountry "GGB"]
[SourceTitle "CBM 188 Extra"]
[Source "ChessBase"]
[SourceDate "2019.02.26"]
[SourceVersion "1"]
[SourceVersionDate "2019.02.26"]
[SourceQuality "1"]

1. e4 c6 2. d4 d5 3. exd5 cxd5 4. c4 Nf6 5. Nc3 Nc6 6. Nf3 Be6 7. cxd5 Bxd5 8. Be2 e6 9. 0-0 Be7 10. Nxd5 Nxd5 11. a3 0-0 12. Bd3 Bf6 13. Bc2 Qb6 14. Qd3 g6 15. Rd1 Rac8 16. Ba4 Rfd8 17. Qe4 Nxd4 18. Ne5 Nb3 19. Nd7 Rxd7 20. Bxd7 Rd8 21. Rb1 Rxd7 22. Bh6 Rd8 23. h3 Nd4 24. g4 Nc6 25. Rd2 Bg7 26. Bxg7 Kxg7 27. Rbd1 Qb3 28. Kg2 g5 0-1

[Event "Gibraltar Masters 17th"]
[Site "Caleta"]
[Date "2019.01.26"]
[Round "5"]
[White "Semprun Martinez, Fernando M"]
[Black "Quillan, Gary"]
[Result "0-1"]
[WhiteElo "2076"]
[BlackElo "2364"]
[PlyCount "42"]
[EventDate "2019.01.22"]
[EventType "swiss"]
[EventRounds "10"]
[EventCountry "GGB"]
[SourceTitle "CBM 188 Extra"]
[Source "ChessBase"]
[SourceDate "2019.02.26"]
[SourceVersion "1"]
[SourceVersionDate "2019.02.26"]
[SourceQuality "1"]

1. e4 e6 2. d4 d5 3. Nd2 Nf6 4. e5 Nfd7 5. Bd3 c5 6. c3 Nc6 7. Ne2 cxd4 8. cxd4 f6 9. exf6 Nxf6 10. Nf3 Bd6 11. 0-0 Qc7 12. h3 0-0 13. Be3 Bd7 14. Re1 Rae8 15. Nc3 Qb8 16. Qd2 a6 17. Rac1 Kh8 18. a3 Nh5 19. Ng5 g6 20. Ne2 Rf6 21. g4 Nf4 0-1

[Event "Gibraltar Masters 17th"]
[Site "Caleta"]
[Date "2019.01.22"]
[Round "1"]
[White "Quillan, Gary"]
[Black "Grandelius, Nils"]
[Result "0-1"]
[WhiteElo "2364"]
[BlackElo "2682"]
[PlyCount "76"]
[EventDate "2019.01.22"]
[EventType "swiss"]
[EventRounds "10"]
[EventCountry "GGB"]
[SourceTitle "CBM 188 Extra"]
[Source "ChessBase"]
[SourceDate "2019.02.26"]
[SourceVersion "1"]
[SourceVersionDate "2019.02.26"]
[SourceQuality "1"]

1. e4 c6 2. d4 d5 3. exd5 cxd5 4. c4 Nf6 5. Nc3 g6 6. Qb3 Bg7 7. cxd5 0-0 8. Be2 Nbd7 9. Bf3 Nb6 10. Nge2 a5 11. 0-0 a4 12. Qb5 Bd7 13. Qb4 Bg4 14. Bxg4 Nxg4 15. Qb5 Nf6 16. Nf4 Qd6 17. Re1 Rfc8 18. a3 Nc4 19. Nd3 Qd8 20. Bf4 b6 21. Ne5 Ra5 22. Qb4 Nxd5 23. Nxd5 Rxd5 24. Nxc4 Rxd4 25. Rac1 Rxf4 26. Qxb6 Qxb6 27. Nxb6 Rxc1 28. Rxc1 Bxb2 29. Rc8+ Kg7 30. g3 Rd4 31. Nc4 Rd1+ 32. Kg2 Rc1 33. Nb6 Rxc8 34. Nxc8 Bxa3 35. Nb6 Bc5 36. Nxa4 Bd4 37. f4 f5 38. Kf3 Kf6 0-1

[Event "Riga Tech op 8th"]
[Site "Riga"]
[Date "2018.08.07"]
[Round "2"]
[White "Quillan, Gary"]
[Black "Predke, Alexandr"]
[Result "0-1"]
[WhiteElo "2349"]
[BlackElo "2606"]
[PlyCount "90"]
[EventDate "2018.08.06"]
[EventType "swiss"]
[EventRounds "9"]
[EventCountry "LAT"]
[SourceTitle "CBM 185 Extra"]
[Source "ChessBase"]
[SourceDate "2018.07.29"]
[SourceVersion "1"]
[SourceVersionDate "2018.07.29"]
[SourceQuality "1"]

1. e4 e5 2. Nf3 Nc6 3. Bb5 a6 4. Ba4 Nf6 5. 0-0 Be7 6. Re1 b5 7. Bb3 d6 8. c3 0-0 9. d4 Bg4 10. d5 Na5 11. Bc2 Qc8 12. h3 Bd7 13. Nbd2 c6 14. dxc6 Qxc6 15. a4 Nb7 16. Nf1 Nc5 17. a5 Nfxe4 18. Nd4 Qb7 19. f3 Nf6 20. Nf5 Bxf5 21. Bxf5 Rfe8 22. Bc2 Rad8 23. Ng3 g6 24. f4 Bf8 25. f5 d5 26. Bg5 Rd6 27. Rf1 Bg7 28. Bxf6 Rxf6 29. b4 Na4 30. Bxa4 bxa4 31. Qxa4 Rc8 32. Qb3 Rc4 33. fxg6 Rxg6 34. Kh2 e4 35. Nf5 Bxc3 36. Rac1 Qc7+ 37. Kh1 Bxb4 38. Qxb4 Rxc1 39. Ne7+ Qxe7 40. Qxe7 Rxf1+ 41. Kh2 Rf2 42. Qe8+ Kg7 43. Qe5+ Kh6 44. h4 Rfxg2+ 45. Kh1 R2g4 0-1

[Event "Ghent Eastman op 41st"]
[Site "Ghent"]
[Date "2018.07.18"]
[Round "9"]
[White "Quillan, Gary"]
[Black "Van der Linden, Hans"]
[Result "1-0"]
[WhiteElo "2349"]
[BlackElo "2117"]
[PlyCount "143"]
[EventDate "2018.07.14"]
[EventType "swiss"]
[EventRounds "9"]
[EventCountry "BEL"]
[SourceTitle "CBM 185 Extra"]
[Source "ChessBase"]
[SourceDate "2018.07.29"]
[SourceVersion "1"]
[SourceVersionDate "2018.07.29"]
[SourceQuality "1"]

1. e4 c5 2. Nf3 Nc6 3. Bb5 Nf6 4. Nc3 e5 5. Bxc6 dxc6 6. Nxe5 Nxe4 7. Qh5 Nd6 8. 0-0 Be7 9. Ne4 0-0 10. Nxc5 g6 11. Qf3 Nf5 12. Nb3 Be6 13. d3 a5 14. c3 Nh4 15. Qe2 Bd5 16. f3 a4 17. Nd2 Bd6 18. Ng4 h5 19. Ne3 Re8 20. Ne4 Nf5 21. Qf2 Nxe3 22. Bxe3 Be7 23. Rae1 Bxa2 24. Bd4 Be6 25. Qg3 Ra5 26. Qf4 g5 27. Qe3 Rd5 28. Bb6 Qb8 29. c4 Rf5 30. Ng3 Rf4 31. Nxh5 Rh4 32. Ng3 Qf4 33. Re2 Bd6 34. Rfe1 Ra8 35. Qxf4 Bxf4 36. Ra1 Kg7 37. Be3 Rd8 38. Ra3 b5 39. cxb5 cxb5 40. Bxf4 gxf4 41. Ne4 Rh5 42. Rc3 b4 43. Rc5 Rhd5 44. Rc1 Rxd3 45. Nc5 Rd1+ 46. Re1 Rxe1+ 47. Rxe1 Rd2 48. Nxa4 Bb3 49. Nc5 Rxb2 50. Nd3 Rd2 51. Nxb4 Rd4 52. Nc6 Rd6 53. Ne5 f6 54. Ng4 Rd2 55. h4 Kg6 56. Re8 Bc4 57. Rf8 Rd6 58. h5+ Kxh5 59. Nxf6+ Kg6 60. Ne4 Rd1+ 61. Kh2 Bf7 62. Rb8 Rd5 63. Rb6+ Kg7 64. Nf2 Rd2 65. Nh3 Bd5 66. Rd6 Rd1 67. Nxf4 Bxf3 68. Rg6+ Kf7 69. gxf3 Rd4 70. Rg4 Rd1 71. Kg3 Kf6 72. Ng2 1-0

[Event "Ghent Eastman op 41st"]
[Site "Ghent"]
[Date "2018.07.14"]
[Round "1"]
[White "Hesselink, Rutger"]
[Black "Quillan, Gary"]
[Result "0-1"]
[WhiteElo "1763"]
[BlackElo "2349"]
[PlyCount "70"]
[EventDate "2018.07.14"]
[EventType "swiss"]
[EventRounds "9"]
[EventCountry "BEL"]
[SourceTitle "CBM 185 Extra"]
[Source "ChessBase"]
[SourceDate "2018.07.29"]
[SourceVersion "1"]
[SourceVersionDate "2018.07.29"]
[SourceQuality "1"]

1. e4 e6 2. d4 d5 3. Nc3 Bb4 4. e5 c5 5. a3 Bxc3+ 6. bxc3 Ne7 7. Bd3 Nbc6 8. Qg4 Qc7 9. Bd2 Bd7 10. Nf3 c4 11. Be2 Nf5 12. 0-0 0-0-0 13. Nh4 h5 14. Qh3 Nfe7 15. Bg5 Rdf8 16. Bxe7 Nxe7 17. f4 g6 18. a4 Qa5 19. Rfb1 f6 20. Qe3 fxe5 21. dxe5 Nf5 22. Nxf5 gxf5 23. Rb4 Bc6 24. Bf3 Rfg8 25. Kf2 Rg7 26. g3 h4 27. Qd4 Kb8 28. Rab1 Ka8 29. Rg1 Qd8 30. g4 fxg4 31. Bxg4 h3 32. Kf3 Rhg8 33. Rbb1 Qh4 34. Bxe6 Qh5+ 35. Kf2 Rg2+ 0-1

[Event "Gibraltar Masters 16th"]
[Site "Caleta"]
[Date "2018.01.26"]
[Round "4"]
[White "Donchenko, Alexander"]
[Black "Quillan, Gary"]
[Result "1-0"]
[WhiteElo "2580"]
[BlackElo "2340"]
[PlyCount "83"]
[EventDate "2018.01.23"]
[EventType "swiss"]
[EventRounds "10"]
[EventCountry "GGB"]
[SourceTitle "CBM 183"]
[Source "ChessBase"]
[SourceDate "2018.03.14"]
[SourceVersion "1"]
[SourceVersionDate "2018.03.14"]
[SourceQuality "1"]

1. d4 e6 2. c4 d5 3. Nf3 c5 4. cxd5 exd5 5. g3 Nc6 6. Bg2 Nf6 7. 0-0 Be7 8. dxc5 Bxc5 9. a3 0-0 10. b4 Be7 11. Nc3 Bg4 12. h3 Be6 13. Bb2 Qd7 14. Kh2 Rad8 15. e3 Ne4 16. Ne2 a6 17. Nf4 Bd6 18. Nd4 Ne5 19. Rc1 Nf6 20. Kg1 b5 21. Nb3 Qe7 22. Na5 Rc8 23. Bxe5 Bxe5 24. Nc6 Qd6 25. Nxe5 Qxe5 26. Nd3 Qd6 27. Nc5 Nd7 28. Qd4 Ne5 29. f4 Nc6 30. Qd3 Ne7 31. e4 d4 32. Rfd1 Rfd8 33. Nb7 Qb6 34. Nxd8 Rxd8 35. Kh2 h5 36. Rc5 h4 37. gxh4 Qd6 38. Qg3 f5 39. e5 Qd7 40. Rg1 d3 41. Bc6 Nxc6 42. Rxc6 1-0

[Event "Gibraltar Masters 16th"]
[Site "Caleta"]
[Date "2018.01.25"]
[Round "3"]
[White "Antal, Gergely"]
[Black "Quillan, Gary"]
[Result "1-0"]
[WhiteElo "2522"]
[BlackElo "2340"]
[PlyCount "133"]
[EventDate "2018.01.23"]
[EventType "swiss"]
[EventRounds "10"]
[EventCountry "GGB"]
[SourceTitle "CBM 183"]
[Source "ChessBase"]
[SourceDate "2018.03.14"]
[SourceVersion "1"]
[SourceVersionDate "2018.03.14"]
[SourceQuality "1"]

1. Nf3 Nf6 2. g3 c5 3. Bg2 d5 4. 0-0 Nc6 5. d4 e6 6. c3 Bd6 7. a3 0-0 8. b4 b6 9. Be3 Ne4 10. Qc2 Qe7 11. Nfd2 Nxd2 12. Nxd2 Bb7 13. dxc5 bxc5 14. Nb3 cxb4 15. axb4 a6 16. Bc5 Bxc5 17. Nxc5 Rfc8 18. Rfb1 Ra7 19. Qd1 Nb8 20. c4 Bc6 21. cxd5 exd5 22. Qd4 Rd8 23. e3 h6 24. Bf1 f6 25. Nxa6 Nxa6 26. Rxa6 Rxa6 27. Bxa6 Bb7 28. Bd3 Qe5 29. Rc1 Rd7 30. b5 Rc7 31. Ra1 Kf7 32. h4 Ke7 33. Qb4+ Kf7 34. Qd4 Ke7 35. Rd1 Qxd4 36. exd4 Kd6 37. Kg2 Rc3 38. Be2 Rb3 39. h5 Rb4 40. Kf3 Bc8 41. Ke3 Bd7 42. Rd2 Rb3+ 43. Kf4 Rb4 44. g4 Ke6 45. f3 Kd6 46. Rd1 Ke6 47. Bd3 Kd6 48. Ke3 Rb3 49. Kd2 Bxb5 50. Bxb5 Rxb5 51. Ra1 Rb7 52. Ke3 Ke6 53. Kf4 Rb4 54. Ra6+ Kf7 55. Kf5 Rxd4 56. Ra7+ Kf8 57. Kg6 Rf4 58. Ra3 d4 59. Rb3 Ke7 60. Kxg7 Ke6 61. Kxh6 Kd5 62. Kg6 Kc4 63. Ra3 d3 64. h6 d2 65. Ra1 Rxf3 66. h7 Ra3 67. Rd1 1-0

[Event "EU-Cup 33rd"]
[Site "Antalya"]
[Date "2017.10.14"]
[Round "7.4"]
[White "Quillan, Gary"]
[Black "Jashari, Ardian"]
[Result "1-0"]
[WhiteElo "2347"]
[BlackElo "2116"]
[PlyCount "35"]
[EventDate "2017.10.08"]
[EventType "team-swiss"]
[EventRounds "7"]
[EventCountry "TUR"]
[SourceTitle "CBM 181"]
[Source "ChessBase"]
[SourceDate "2017.11.10"]
[SourceVersion "1"]
[SourceVersionDate "2017.11.10"]
[SourceQuality "1"]
[WhiteTeam "3CS Oldham"]
[BlackTeam "Dardania"]
[WhiteTeamCountry "ENG"]
[BlackTeamCountry "KOS"]

1. e4 c5 2. Nf3 Nc6 3. Bb5 d6 4. d4 cxd4 5. Qxd4 Bd7 6. Bxc6 Bxc6 7. Nc3 e6 8. Bg5 Nf6 9. 0-0 Be7 10. Rfe1 Qa5 11. Nd5 Nxd5 12. exd5 Qxd5 13. Qxg7 Rf8 14. Rad1 Qc5 15. Rxe6 0-0-0 16. Bxe7 Bxf3 17. Rexd6 Bxd1 18. Rxd8+ 1-0

[Event "EU-Cup 33rd"]
[Site "Antalya"]
[Date "2017.10.12"]
[Round "5.4"]
[White "Kjartansson, David"]
[Black "Quillan, Gary"]
[Result "1-0"]
[WhiteElo "2386"]
[BlackElo "2347"]
[PlyCount "123"]
[EventDate "2017.10.08"]
[EventType "team-swiss"]
[EventRounds "7"]
[EventCountry "TUR"]
[SourceTitle "CBM 181"]
[Source "ChessBase"]
[SourceDate "2017.11.10"]
[SourceVersion "1"]
[SourceVersionDate "2017.11.10"]
[SourceQuality "1"]
[WhiteTeam "Fjolnir"]
[BlackTeam "3CS Oldham"]
[WhiteTeamCountry "ISL"]
[BlackTeamCountry "ENG"]

1. e4 e6 2. d4 d5 3. Nc3 Bb4 4. e5 c5 5. a3 Bxc3+ 6. bxc3 Qa5 7. Bd2 Qa4 8. Qb1 a6 9. Nf3 Nc6 10. Bd3 c4 11. Be2 Nge7 12. 0-0 0-0 13. Ng5 f6 14. exf6 Rxf6 15. Nh3 Qa5 16. Qe1 Bd7 17. Bf4 h6 18. Qd2 Raf8 19. Bd6 Qd8 20. f3 Be8 21. Bg3 Nf5 22. Bf2 Qd7 23. a4 Bg6 24. Rfb1 Nd6 25. Rb2 R6f7 26. Bg3 Nf5 27. Be1 Nd6 28. Nf2 Bf5 29. Nd1 g5 30. Ne3 Rg7 31. Bg3 h5 32. Rab1 Rff7 33. Be5 Rg6 34. Bxd6 Qxd6 35. Rxb7 Ne7 36. Bxc4 g4 37. fxg4 hxg4 38. Nxf5 exf5 39. R1b6 Qxb6 40. Rxb6 Rxb6 41. Be2 Nc8 42. Qg5+ Kh7 43. Qd8 Rb1+ 44. Kf2 Ne7 45. Bxa6 f4 46. Bd3+ Kg7 47. Qd6 Rh1 48. Qe5+ Kg8 49. Qg5+ Rg7 50. Qh5 Kf8 51. g3 f3 52. a5 Ng8 53. a6 Nf6 54. Qh8+ Ng8 55. Qh5 Rf7 56. Bf5 Ra1 57. Be6 Rg7 58. Qxd5 Re7 59. Qd8+ Re8 60. Qd6+ Kg7 61. Qe5+ Kh6 62. Qf4+ 1-0

[Event "Prague Summer op-A 3rd"]
[Site "Prague"]
[Date "2016.08.07"]
[Round "3"]
[White "Quillan, Gary"]
[Black "Gantsooj, Ganzorig"]
[Result "1-0"]
[WhiteElo "2364"]
[BlackElo "2164"]
[PlyCount "173"]
[EventDate "2016.08.05"]
[EventType "swiss"]
[EventRounds "9"]
[EventCountry "CZE"]
[SourceTitle "CBM 173 Extra"]
[Source "ChessBase"]
[SourceDate "2016.08.29"]
[SourceVersion "1"]
[SourceVersionDate "2016.08.29"]
[SourceQuality "1"]

1. e4 c5 2. Nf3 d6 3. c3 Nf6 4. h3 Nc6 5. Bd3 e5 6. 0-0 Be7 7. Bc2 0-0 8. Re1 Qc7 9. d3 Be6 10. Nbd2 Rfd8 11. Ng5 h6 12. Nxe6 fxe6 13. Nf1 d5 14. Ng3 b5 15. a4 b4 16. exd5 exd5 17. Nf5 Bf8 18. Qf3 Qf7 19. a5 Rac8 20. a6 Ne8 21. Qg4 Kh8 22. Nh4 g5 23. Nf3 Bd6 24. Ba4 Qg7 25. Bxc6 Rxc6 26. Qf5 Nc7 27. Nxe5 Bxe5 28. Qxe5 Qxe5 29. Rxe5 Re8 30. Rxe8+ Nxe8 31. cxb4 cxb4 32. Bd2 Nc7 33. Bxb4 Nxa6 34. Bc3+ Kh7 35. Ra5 Nc5 36. Rxa7+ Kg6 37. Ra5 Nxd3 38. Rxd5 Nf4 39. Rd2 Kf5 40. f3 h5 41. Kf2 h4 42. Bb4 Rb6 43. Bd6 Rb3 44. Ba3 Ng6 45. Bc5 Ne5 46. Bd4 Kf4 47. Bc3 Rb5 48. Rd8 Kf5 49. Rf8+ Kg6 50. b4 Nd3+ 51. Ke3 Nxb4 52. Rg8+ Kf7 53. Rg7+ Kf8 54. Ke4 Nd5 55. Be5 Ne7 56. Rxg5 Rb4+ 57. Kd3 Kf7 58. Bd6 Rb2 59. Bxe7 Kxe7 60. Ke4 Kf6 61. f4 Rb3 62. Rg8 Rb4+ 63. Ke3 Rb3+ 64. Kd2 Kf5 65. Rg4 Ra3 66. Ke2 Ra2+ 67. Kf3 Ra3+ 68. Kf2 Ra2+ 69. Kg1 Ra1+ 70. Kh2 Ra2 71. Rxh4 Rb2 72. Rg4 Ra2 73. Kg3 Ra3+ 74. Kf2 Ra2+ 75. Ke3 Ra3+ 76. Kd4 Ra4+ 77. Kd5 Ra5+ 78. Kd6 Ra6+ 79. Ke7 Rh6 80. Kf7 Rh7+ 81. Rg7 Rh6 82. g3 Rxh3 83. Rg5+ Ke4 84. Kg7 Rh2 85. f5 Ke5 86. f6+ Ke6 87. f7 1-0

[Event "BCF-chT1a 1516 (4NCL)"]
[Site "England"]
[Date "2016.02.13"]
[Round "5.142"]
[White "Zakarian, David"]
[Black "Quillan, Gary"]
[Result "1-0"]
[WhiteElo "2379"]
[BlackElo "2320"]
[PlyCount "91"]
[EventDate "2015.11.14"]
[EventType "team-tourn"]
[EventRounds "7"]
[EventCountry "ENG"]
[SourceTitle "CBM 170 Extra"]
[Source "ChessBase"]
[SourceDate "2016.02.25"]
[SourceVersion "1"]
[SourceVersionDate "2016.02.25"]
[SourceQuality "1"]
[WhiteTeam "Oxford"]
[BlackTeam "Spirit of Atticus"]
[WhiteTeamCountry "ENG"]
[BlackTeamCountry "ENG"]

1. e4 e6 2. Qe2 c5 3. Nf3 Nc6 4. g3 Nf6 5. e5 Nd5 6. Nc3 Ndb4 7. d3 Nd4 8. Nxd4 cxd4 9. Ne4 Qa5 10. c3 Nc6 11. Bg2 dxc3 12. 0-0 Nxe5 13. Nxc3 Nc6 14. Nd5 Bd6 15. b4 Qd8 16. b5 Nd4 17. Qg4 Be5 18. Bf4 h5 19. Qd1 Bxf4 20. Nxf4 Nxb5 21. d4 Qf6 22. Nd5 Qd8 23. Re1 0-0 24. Nf4 d5 25. Nxh5 g6 26. Nf4 Qf6 27. Re5 Bd7 28. h4 Nd6 29. Qd3 Bb5 30. Qb1 Bc6 31. Qb4 Nf5 32. Rae1 Nxh4 33. Qd2 Nf5 34. g4 Nd6 35. Nh5 gxh5 36. Rg5+ Kh8 37. Rxh5+ Kg8 38. Rg5+ Kh8 39. Re3 Qh6 40. Rh3 Qxh3 41. Bxh3 f6 42. Rh5+ Kg7 43. Qh6+ Kf7 44. g5 Ne4 45. Qh7+ Ke8 46. g6 1-0

[Event "Gibraltar Masters 14th"]
[Site "Caleta"]
[Date "2016.01.27"]
[Round "2"]
[White "Quillan, Gary"]
[Black "Sundararajan, Kidambi"]
[Result "0-1"]
[WhiteElo "2369"]
[BlackElo "2508"]
[PlyCount "62"]
[EventDate "2016.01.26"]
[EventType "swiss"]
[EventRounds "10"]
[EventCountry "GGB"]
[SourceTitle "CBM 171"]
[Source "ChessBase"]
[SourceDate "2016.03.14"]
[SourceVersion "2"]
[SourceVersionDate "2016.03.14"]
[SourceQuality "1"]

1. e4 c5 2. Nf3 e6 3. c3 Nf6 4. e5 Nd5 5. d4 cxd4 6. cxd4 d6 7. Bc4 Be7 8. 0-0 0-0 9. Qe2 Nc6 10. a3 Qc7 11. Qe4 Na5 12. Ba2 b6 13. Qg4 Kh8 14. Nbd2 Ba6 15. Re1 Rac8 16. Ne4 dxe5 17. dxe5 Bc4 18. Bb1 Be2 19. Ng3 Qxc1 20. Nxe2 Qxb2 21. Bd3 Qb3 22. Qe4 f5 23. exf6 Nxf6 24. Qh4 Qxd3 25. Ne5 Qf5 26. Ng3 Qxf2+ 27. Kh1 Rfe8 28. Rf1 Qc5 29. Qg5 h6 30. Qf4 Nc4 31. Nf7+ Kh7 0-1

[Event "BCF-chT1a 1516 (4NCL)"]
[Site "England"]
[Date "2015.11.15"]
[Round "2.135"]
[White "Quillan, Gary"]
[Black "Horton, Andrew P"]
[Result "1-0"]
[WhiteElo "2305"]
[BlackElo "2313"]
[PlyCount "73"]
[EventDate "2015.11.14"]
[EventType "team-tourn"]
[EventRounds "7"]
[EventCountry "ENG"]
[SourceTitle "CBM 169 Extra"]
[Source "ChessBase"]
[SourceDate "2015.12.18"]
[SourceVersion "1"]
[SourceVersionDate "2015.12.18"]
[SourceQuality "1"]
[WhiteTeam "Spirit of Atticus"]
[BlackTeam "3CS Oldham"]
[WhiteTeamCountry "ENG"]
[BlackTeamCountry "ENG"]

1. e4 e5 2. Nf3 Nc6 3. Bb5 a6 4. Ba4 Nf6 5. 0-0 Be7 6. Re1 b5 7. Bb3 d6 8. c3 0-0 9. d4 Bg4 10. d5 Na5 11. Bc2 c6 12. h3 Bc8 13. dxc6 Qc7 14. Nbd2 Qxc6 15. a4 Be6 16. Nf1 Rfe8 17. Ng3 Nc4 18. Ng5 Bd7 19. b3 Na5 20. Bd2 Qc7 21. axb5 axb5 22. Qe2 h6 23. Nf3 Be6 24. Reb1 Reb8 25. Ra2 Ra7 26. Rba1 Nc6 27. Rxa7 Nxa7 28. b4 Nc6 29. Bd3 Qb7 30. Nh4 Bf8 31. Nhf5 Ne7 32. Nxd6 Qd7 33. Ra6 Nc6 34. Bxb5 Qxd6 35. Bxc6 Qc7 36. b5 Bd7 37. Nf5 1-0

[Event "Gibraltar Masters 11th"]
[Site "Caleta"]
[Date "2013.01.30"]
[Round "9"]
[White "Janev, Pavel"]
[Black "Quillan, Gary"]
[Result "1-0"]
[WhiteElo "2126"]
[BlackElo "2398"]
[PlyCount "111"]
[EventDate "2013.01.22"]
[EventType "swiss"]
[EventRounds "10"]
[EventCountry "GGB"]
[SourceTitle "CBM 153"]
[Source "ChessBase"]
[SourceDate "2013.03.14"]
[SourceVersion "1"]
[SourceVersionDate "2013.03.14"]
[SourceQuality "1"]

1. e4 e6 2. d4 d5 3. Nc3 Bb4 4. e5 Ne7 5. a3 Bxc3+ 6. bxc3 c5 7. Qg4 Qc7 8. Qxg7 Rg8 9. Qxh7 cxd4 10. Ne2 Nbc6 11. f4 Bd7 12. Qd3 dxc3 13. Be3 0-0-0 14. Nd4 Nxd4 15. Bxd4 Nc6 16. Bxc3 f6 17. exf6 Qxf4 18. g3 Qh6 19. Bg2 d4 20. f7 Rgf8 21. Bd2 Qh5 22. 0-0 Rxf7 23. Rxf7 Qxf7 24. Rf1 Qh5 25. h4 Qc5 26. Bg5 Rg8 27. Be4 Ne5 28. Qb3 b6 29. Qb4 Nc4 30. Qxc5+ bxc5 31. Kg2 Nd6 32. Bh7 Rg7 33. Rf8+ Kc7 34. Bg8 Bc6+ 35. Kh2 Bd5 36. Bf6 Rg4 37. Bh7 Be4 38. Bxe4 Rxe4 39. h5 Nf5 40. Bg5 c4 41. Kh3 Re1 42. g4 Ne3 43. h6 d3 44. cxd3 cxd3 45. Rd8 Rh1+ 46. Kg3 Nd5 47. Kg2 Rxh6 48. Rxd5 Rg6 49. Bf4+ Kc6 50. Rg5 Rf6 51. Be3 Kd6 52. Ra5 Rf7 53. g5 e5 54. g6 Rc7 55. Kf3 Rc4 56. g7 1-0

[Event "Gibraltar Masters 11th"]
[Site "Caleta"]
[Date "2013.01.24"]
[Round "3"]
[White "Quillan, Gary"]
[Black "Walton, Alan J"]
[Result "1-0"]
[WhiteElo "2398"]
[BlackElo "2153"]
[PlyCount "43"]
[EventDate "2013.01.22"]
[EventType "swiss"]
[EventRounds "10"]
[EventCountry "GGB"]
[SourceTitle "CBM 153"]
[Source "ChessBase"]
[SourceDate "2013.03.14"]
[SourceVersion "1"]
[SourceVersionDate "2013.03.14"]
[SourceQuality "1"]

1. e4 e6 2. d4 d5 3. Nd2 Be7 4. e5 c5 5. Qg4 Bf8 6. dxc5 Qc7 7. Ngf3 Nd7 8. Bb5 Qxc5 9. Bd3 Qc7 10. 0-0 Ne7 11. Re1 Nc6 12. c4 Ndxe5 13. Nxe5 Nxe5 14. Qg3 Bd6 15. Qxg7 Rf8 16. Bf1 h5 17. c5 f5 18. Qg3 Qxc5 19. Rxe5 Bxe5 20. Qxe5 Bd7 21. Nb3 Qe7 22. Be2 1-0

[Event "Gibraltar Masters 11th"]
[Site "Caleta"]
[Date "2013.01.23"]
[Round "2"]
[White "Georgiev, Kiril"]
[Black "Quillan, Gary"]
[Result "1-0"]
[WhiteElo "2643"]
[BlackElo "2398"]
[PlyCount "137"]
[EventDate "2013.01.22"]
[EventType "swiss"]
[EventRounds "10"]
[EventCountry "GGB"]
[SourceTitle "CBM 153"]
[Source "ChessBase"]
[SourceDate "2013.03.14"]
[SourceVersion "1"]
[SourceVersionDate "2013.03.14"]
[SourceQuality "1"]

1. d4 e6 2. Nf3 Nf6 3. c4 c5 4. d5 exd5 5. cxd5 d6 6. Nc3 g6 7. Bf4 a6 8. a4 Bg7 9. h3 0-0 10. e3 Ne8 11. Be2 Qe7 12. 0-0 Nd7 13. Re1 Rb8 14. Bf1 h6 15. e4 g5 16. Bg3 Ne5 17. Nxe5 Bxe5 18. Bxe5 Qxe5 19. Qd2 Kh8 20. Rab1 Nf6 21. b4 cxb4 22. Rxb4 Nd7 23. a5 b5 24. axb6 Rxb6 25. Na2 Rxb4 26. Nxb4 Re8 27. Nc6 Qf6 28. Qa5 Ne5 29. Bxa6 Bxa6 30. Qxa6 Qg6 31. Nd4 g4 32. hxg4 Nxg4 33. Qd3 Qh5 34. Nf3 Rg8 35. Rb1 Qg6 36. g3 Qh5 37. Qd4+ Kh7 38. Kg2 Re8 39. Rb7 Qg6 40. Nh4 Qxe4+ 41. Qxe4+ Rxe4 42. Rxf7+ Kg8 43. Rd7 h5 44. f3 Ne3+ 45. Kf2 Nd1+ 46. Kf1 Ne3+ 47. Ke2 Re8 48. Kd3 Nxd5 49. Rxd6 Nc7 50. Rh6 Re5 51. Rc6 Ne8 52. Kd4 Ra5 53. Ke4 Kf7 54. Kf4 Nf6 55. Rc7+ Ke6 56. Rb7 Rc5 57. Ra7 Rb5 58. Ra6+ Kf7 59. Ra7+ Ke6 60. Ra3 Kf7 61. Ke3 Rg5 62. Kf2 Rb5 63. Kg2 Rg5 64. Kh3 Rb5 65. Ra7+ Ke6 66. Ng6 Kf5 67. Nf4 Kg5 68. Rg7+ Kf5 69. Kh4 1-0